00335cam a22001097a 4500008004000000082001300040100002100053245009700074260002300171300001000194650002100204180718b1971 xxu||||| |||| 00| 0 eng d aA99 W584 aWhite, J. Claude aSikkim and Bhutan: twenty-one years on the North-East frontier 1887-1908cby J. Claude White aDelhibVivekc1971 a332p. aWhite, J. Clause